[Event "Florianopolis op 10th"]
[Site "Florianopolis"]
[Date "2024.01.23"]
[Round "5"]
[White "Da Silva, Lucas Pereira Mende"]
[Black "Gauche, Charles"]
[Result "1-0"]
[WhiteElo "1974"]
[BlackElo "2182"]
[PlyCount "63"]
[EventDate "2024.01.20"]
[EventType "swiss"]
[EventRounds "10"]
[EventCountry "BRA"]
[SourceTitle "CB05_2024"]
[SourceDate "2024.01.31"]
[SourceVersion "1"]
[SourceVersionDate "2024.01.31"]
[SourceQuality "1"]

1. d4 d5 2. c4 e5 3. dxe5 d4 4. Nf3 Nc6 5. g3 Bg4 6. Bg2 Qd7 7. 0-0 0-0-0 8. a3 Bxf3 9. Bxf3 Nxe5 10. Bg2 Nxc4 11. Nd2 Nxd2 12. Bxd2 Ne7 13. Qb3 Nd5 14. Rfd1 Bc5 15. Rac1 Bb6 16. a4 c6 17. a5 Bc7 18. Rc5 Qe6 19. a6 b6 20. Rcc1 Rhe8 21. Qc2 Rd6 22. Qxh7 g6 23. e4 dxe3 24. Bxe3 Nxe3 25. Rxd6 Qxd6 26. fxe3 Qe5 27. Rf1 Rh8 28. Qxf7 Qxe3+ 29. Kh1 Rxh2+ 30. Kxh2 Bxg3+ 31. Kh3 Bf2+ 32. Bf3 1-0

[Event "Florianopolis op 10th"]
[Site "Florianopolis"]
[Date "2024.01.22"]
[Round "4"]
[White "Gauche, Charles"]
[Black "Roselli Mailhe, Bernardo"]
[Result "0-1"]
[WhiteElo "2182"]
[BlackElo "2364"]
[PlyCount "40"]
[EventDate "2024.01.20"]
[EventType "swiss"]
[EventRounds "10"]
[EventCountry "BRA"]
[SourceTitle "CB05_2024"]
[SourceDate "2024.01.31"]
[SourceVersion "1"]
[SourceVersionDate "2024.01.31"]
[SourceQuality "1"]

1. Nf3 Nf6 2. b3 g6 3. Bb2 Bg7 4. g3 d6 5. d4 c5 6. c4 Ne4 7. Qc2 Bf5 8. Nbd2 Qa5 9. Nh4 Nxg3 10. Nxf5 Nxf5 11. dxc5 dxc5 12. Bg2 Nc6 13. Bxc6+ bxc6 14. Bxg7 Nxg7 15. Qb2 f6 16. 0-0-0 Kf7 17. Ne4 Rhd8 18. e3 Rxd1+ 19. Rxd1 Rd8 20. Rf1 Ne6 0-1

[Event "Timbo op 3rd"]
[Site "Timbo"]
[Date "2023.11.05"]
[Round "5"]
[White "Weise, William Ferreira"]
[Black "Gauche, Charles"]
[Result "0-1"]
[WhiteElo "1831"]
[BlackElo "2153"]
[PlyCount "136"]
[EventDate "2023.11.03"]
[EventType "swiss"]
[EventRounds "6"]
[EventCountry "BRA"]
[SourceTitle "CB49_2023"]
[SourceDate "2023.12.06"]
[SourceVersion "1"]
[SourceVersionDate "2023.12.06"]
[SourceQuality "1"]

1. e4 d5 2. exd5 Nf6 3. d4 Nxd5 4. c4 Nb6 5. Bf4 e6 6. Nf3 Be7 7. Nc3 0-0 8. Bd3 Nc6 9. 0-0 a6 10. b3 Bf6 11. Ne2 g6 12. Be4 Re8 13. Ne5 Nxe5 14. dxe5 Qxd1 15. Rfxd1 Bg7 16. Rac1 Rb8 17. Nd4 Nd7 18. Nf3 h6 19. c5 g5 20. c6 Nb6 21. Be3 Nd5 22. Bxd5 exd5 23. cxb7 Bxb7 24. Rxc7 g4 25. Nh4 Bxe5 26. Rc2 d4 27. Bxh6 Bf6 28. Bf4 Rbc8 29. Rxc8 Bxc8 30. g3 Re2 31. Rd2 Re1+ 32. Kg2 Bb7+ 33. f3 Ra1 34. Kf2 d3 35. fxg4 Bc3 36. Rxd3 Rxa2+ 37. Ke3 Be1 38. Kd4 Ba5 39. Ke5 Re2+ 40. Re3 Rxh2 41. Kf5 Bc8+ 42. Kg5 Be6 43. Kh5 Kg7 44. Bh6+ Kh7 45. Bg5 Rb2 46. Bf6 Rxb3 47. Rxb3 Bxb3 48. Nf3 Bb4 49. Nd4 Bd5 50. Nc2 Bd6 51. Kh4 Be4 52. Ne3 a5 53. Nc4 Bc7 54. Bb2 a4 55. Ba3 Bd3 56. Nd6 Kg6 57. Nf5 Kf6 58. Kh5 Bb8 59. Be7+ Ke6 60. Ba3 Be4 61. Kg5 Be5 62. Ne3 Bxg3 63. Nc4 Bd3 64. Nb6 Bb5 65. Kh5 Bc7 66. Nc8 Bd7 67. Na7 Bb6 68. g5 Kf5 0-1

[Event "Timbo op 3rd"]
[Site "Timbo"]
[Date "2023.11.04"]
[Round "4"]
[White "Gauche, Charles"]
[Black "De Souza, Joao Francisco Biz"]
[Result "1-0"]
[WhiteElo "2153"]
[BlackElo "1535"]
[PlyCount "72"]
[EventDate "2023.11.03"]
[EventType "swiss"]
[EventRounds "6"]
[EventCountry "BRA"]
[SourceTitle "CB49_2023"]
[SourceDate "2023.12.06"]
[SourceVersion "1"]
[SourceVersionDate "2023.12.06"]
[SourceQuality "1"]

1. d4 d5 2. c4 c6 3. Nc3 Nf6 4. Bg5 e6 5. e3 Be7 6. Nf3 Nbd7 7. Be2 Nf8 8. 0-0 Ng6 9. Qc2 h6 10. Bxf6 Bxf6 11. Bd3 Ne7 12. Rad1 0-0 13. e4 dxe4 14. Bxe4 Qc7 15. Rfe1 Bd7 16. Ne5 Rad8 17. Ng4 Bg5 18. Bf3 Ng6 19. h3 Rfe8 20. Ne5 Nxe5 21. dxe5 c5 22. Ne4 Bc6 23. Nxg5 hxg5 24. Qe2 b6 25. Bxc6 Qxc6 26. Qe3 Qa4 27. b3 Qa5 28. Qxg5 Rxd1 29. Rxd1 Qxa2 30. Qe3 Qc2 31. Rd7 a5 32. Qf3 Qb2 33. Qe3 Qc2 34. h4 Ra8 35. Kh2 Qf5 36. Qe2 g6 1-0

[Event "Florianopolis op-A"]
[Site "Florianopolis"]
[Date "2023.09.24"]
[Round "5"]
[White "Umetsubo, Cesar Hidemitsu"]
[Black "Gauche, Charles"]
[Result "1-0"]
[WhiteElo "2347"]
[BlackElo "2154"]
[PlyCount "78"]
[EventDate "2023.09.22"]
[EventType "swiss"]
[EventRounds "6"]
[EventCountry "BRA"]
[SourceTitle "EXT 2024"]
[Source "ChessBase"]
[SourceDate "2023.10.10"]
[SourceVersion "1"]
[SourceVersionDate "2023.10.10"]
[SourceQuality "1"]

1. d4 d5 2. c4 c6 3. Nf3 Nf6 4. Nc3 a6 5. a4 a5 6. Bf4 e6 7. e3 Be7 8. h3 Na6 9. Be2 0-0 10. 0-0 b6 11. Rc1 Nb4 12. Ne5 Bb7 13. cxd5 exd5 14. Qb3 Bd6 15. Bg5 Be7 16. Na2 Nxa2 17. Qxa2 Rc8 18. Qb3 h6 19. Bxf6 gxf6 20. Nf3 Kh8 21. Nh4 Rg8 22. Nf5 Bf8 23. Bd3 c5 24. Qd1 Rc7 25. Qh5 Rg6 26. f4 Bc8 27. Nh4 Rg3 28. Nf5 Rg6 29. Kh2 Qe8 30. b3 c4 31. bxc4 dxc4 32. Bc2 c3 33. Rf3 Bd7 34. Ra1 Bc6 35. Rg3 Bd7 36. Nd6 Bxd6 37. Bxg6 fxg6 38. Qxh6+ Kg8 39. Rxg6+ Kf7 1-0

[Event "Florianopolis op-A"]
[Site "Florianopolis"]
[Date "2023.09.23"]
[Round "2"]
[White "Gauche, Charles"]
[Black "Kayser, Gustavo Warmling"]
[Result "1-0"]
[WhiteElo "2154"]
[BlackElo "1980"]
[PlyCount "101"]
[EventDate "2023.09.22"]
[EventType "swiss"]
[EventRounds "6"]
[EventCountry "BRA"]
[SourceTitle "EXT 2024"]
[Source "ChessBase"]
[SourceDate "2023.10.10"]
[SourceVersion "1"]
[SourceVersionDate "2023.10.10"]
[SourceQuality "1"]

1. Nf3 Nf6 2. b3 g6 3. Bb2 Bg7 4. g3 0-0 5. c4 c5 6. Bg2 Nc6 7. 0-0 d5 8. cxd5 Nb4 9. Qc1 b6 10. Ne5 Nbxd5 11. Nc6 Qc7 12. Bxf6 Bxf6 13. Bxd5 Bh3 14. Nc3 Bxf1 15. Qxf1 Rac8 16. Bf3 Qd7 17. Rd1 Rxc6 18. Bxc6 Qxc6 19. Qg2 Qxg2+ 20. Kxg2 Rd8 21. Ne4 Bg7 22. d3 e6 23. g4 h6 24. Rc1 Rd4 25. Rc4 Kf8 26. Kf3 Ke7 27. Ke3 f5 28. gxf5 exf5 29. Nd2 Be5 30. Nf1 Ke6 31. Kf3 g5 32. h3 h5 33. Nd2 g4+ 34. Kg2 b5 35. Rxc5 Rf4 36. f3 Rd4 37. Rxb5 Rd8 38. Nc4 Bc7 39. fxg4 hxg4 40. hxg4 fxg4 41. Rh5 Rf8 42. Nd2 Bf4 43. Ne4 Rc8 44. Rc5 Rh8 45. Ng3 Rh3 46. Nf1 Rh7 47. e3 Bd6 48. Rg5 Rc7 49. Rxg4 Rc2+ 50. Kf3 Rxa2 51. Ra4 1-0

[Event "Niteroi op 3rd"]
[Site "Niteroi"]
[Date "2023.09.08"]
[Round "7"]
[White "Marcolino, Daniel Mattos"]
[Black "Gauche, Charles"]
[Result "0-1"]
[WhiteElo "1994"]
[BlackElo "2154"]
[PlyCount "88"]
[EventDate "2023.09.04"]
[EventType "swiss"]
[EventRounds "9"]
[EventCountry "BRA"]
[SourceTitle "EXT 2024"]
[Source "ChessBase"]
[SourceDate "2023.10.10"]
[SourceVersion "1"]
[SourceVersionDate "2023.10.10"]
[SourceQuality "1"]

1. d4 d5 2. c4 e5 3. dxe5 d4 4. Nf3 Nc6 5. a3 Bg4 6. e3 Nxe5 7. exd4 Bxf3 8. gxf3 Qxd4 9. Qe2 0-0-0 10. Bh3+ Kb8 11. 0-0 Nxc4 12. Nc3 Bd6 13. Qe4 Qe5 14. Qxe5 Bxe5 15. Re1 Nf6 16. Bf1 Bxc3 17. bxc3 Nd2 18. Bxd2 Rxd2 19. Re7 Rf8 20. Bc4 Kc8 21. Bxf7 Kd8 22. Rae1 Rd7 23. Rxd7+ Kxd7 24. Bc4 Re8 25. Rb1 b6 26. Rd1+ Kc6 27. Kg2 Re5 28. a4 Rc5 29. Rd4 Kb7 30. Kf1 a6 31. Ke2 b5 32. axb5 axb5 33. Bd3 c6 34. Kd2 Kc7 35. Kc2 h6 36. Kb3 Rd5 37. Rxd5 Nxd5 38. c4 Nf4 39. Bh7 Kb6 40. cxb5 cxb5 41. Kc3 Kc5 42. h4 b4+ 43. Kb3 Ng2 44. h5 Nf4 0-1

[Event "Caioba op 7th"]
[Site "Caioba"]
[Date "2023.06.22"]
[Round "6"]
[White "Rodrigues, Edgar"]
[Black "Gauche, Charles"]
[Result "1-0"]
[WhiteElo "2329"]
[BlackElo "2161"]
[PlyCount "85"]
[EventDate "2023.06.18"]
[EventType "swiss"]
[EventRounds "9"]
[EventCountry "BRA"]
[SourceTitle "CBM 214 Extra"]
[Source "ChessBase"]
[SourceDate "2023.07.31"]
[SourceVersion "1"]
[SourceVersionDate "2023.07.31"]
[SourceQuality "1"]

1. e4 c5 2. Nf3 Nc6 3. d4 cxd4 4. Nxd4 Nf6 5. Nc3 e5 6. Ndb5 d6 7. Nd5 Nxd5 8. exd5 Nb8 9. a4 Be7 10. Be2 0-0 11. 0-0 f5 12. f4 a6 13. Na3 e4 14. Nc4 a5 15. Be3 Nd7 16. Qd2 b6 17. g4 Nc5 18. g5 Bd7 19. b3 Qc7 20. Na3 Rfc8 21. Bb5 Bf8 22. Bd4 Bxb5 23. Nxb5 Qf7 24. Bb2 Rd8 25. Qd4 h6 26. gxh6 Qg6+ 27. Kh1 Qxh6 28. Rg1 Rd7 29. Rg5 Rc8 30. Qe3 Rf7 31. Rag1 Nd7 32. Nd4 Qh7 33. R1g3 Be7 34. Rh3 Bxg5 35. Rxh7 Kxh7 36. fxg5 f4 37. Qh3+ Kg6 38. Ne6 Ne5 39. Qh4 Rcf8 40. Nxf8+ Rxf8 41. Bxe5 dxe5 42. Qg4 Rf5 43. h4 1-0

[Event "Caioba op 7th"]
[Site "Caioba"]
[Date "2023.06.19"]
[Round "3"]
[White "Gauche, Charles"]
[Black "Sunye Neto, Jaime"]
[Result "1-0"]
[WhiteElo "2161"]
[BlackElo "2420"]
[PlyCount "87"]
[EventDate "2023.06.18"]
[EventType "swiss"]
[EventRounds "9"]
[EventCountry "BRA"]
[SourceTitle "CBM 214 Extra"]
[Source "ChessBase"]
[SourceDate "2023.07.31"]
[SourceVersion "1"]
[SourceVersionDate "2023.07.31"]
[SourceQuality "1"]

1. e4 c5 2. Nf3 e6 3. g3 Nc6 4. Bg2 Nf6 5. Nc3 a6 6. d4 cxd4 7. Nxd4 Qc7 8. 0-0 Nxd4 9. Qxd4 Bc5 10. Qd3 Ng4 11. Qe2 h5 12. Bf4 d6 13. Rad1 Ne5 14. Na4 Bd7 15. b3 Ba7 16. Nb2 Rd8 17. c4 b5 18. Qd2 Ke7 19. Rc1 Nc6 20. Rfd1 e5 21. Be3 Bxe3 22. Qxe3 f6 23. Kf1 Qb8 24. Rd2 Nd4 25. Rxd4 exd4 26. Qxd4 Be6 27. Nd1 Qc7 28. Ne3 Qc5 29. Qd2 b4 30. Rd1 g6 31. Re1 Kf7 32. Nc2 a5 33. Nd4 Bd7 34. Rd1 Kg7 35. Ne2 Bc6 36. Bh3 Rde8 37. Nd4 Rxe4 38. Ne6+ Rxe6 39. Bxe6 Rd8 40. Bd5 Bd7 41. Re1 Re8 42. Rxe8 Bxe8 43. Qe2 Kf8 44. Qe6 1-0

[Event "Caioba op 7th"]
[Site "Caioba"]
[Date "2023.06.19"]
[Round "2"]
[White "Ribeiro Carrico, Victor Hugo"]
[Black "Gauche, Charles"]
[Result "0-1"]
[WhiteElo "1731"]
[BlackElo "2161"]
[PlyCount "127"]
[EventDate "2023.06.18"]
[EventType "swiss"]
[EventRounds "9"]
[EventCountry "BRA"]
[SourceTitle "CBM 214 Extra"]
[Source "ChessBase"]
[SourceDate "2023.07.31"]
[SourceVersion "1"]
[SourceVersionDate "2023.07.31"]
[SourceQuality "1"]

1. e4 d5 2. exd5 Nf6 3. Bc4 Nxd5 4. Nf3 c6 5. Nc3 e6 6. 0-0 Be7 7. d4 Nd7 8. Ne4 0-0 9. Re1 Qc7 10. Bg5 Bxg5 11. Nfxg5 h6 12. Nf3 b6 13. c3 Bb7 14. Bb3 Rfd8 15. Ng3 Nf4 16. Nh4 c5 17. Nh5 Nxh5 18. Qxh5 Nf6 19. Qe5 Qxe5 20. dxe5 Nd5 21. g3 Ne7 22. Rad1 g5 23. Ng2 Ng6 24. f4 Bxg2 25. Kxg2 gxf4 26. gxf4 Nxf4+ 27. Kf3 Nd3 28. Re2 c4 29. Rg1+ Kf8 30. Bxc4 Rac8 31. Bxd3 Rxd3+ 32. Ke4 Rh3 33. Rg3 Rh5 34. Rf3 Rc5 35. Ref2 Rhxe5+ 36. Kd4 f5 37. Rh3 Rcd5+ 38. Kc4 Re4+ 39. Kb3 Kg7 40. c4 Rdd4 41. Rc2 a5 42. a3 f4 43. Rhc3 Re5 44. Ka2 a4 45. b4 axb3+ 46. Kxb3 Rf5 47. a4 Rc5 48. Kb4 e5 49. Rg2+ Kh7 50. Rg4 Rd1 51. Rh3 Rc1 52. Rh5 R1xc4+ 53. Kb3 Re4 54. Rf5 Rc7 55. Rf6 Re3+ 56. Kb4 Rh3 57. Re6 Rf7 58. Rg2 Rh5 59. Kc4 Rd7 60. Kb5 e4+ 61. Kc6 f3 62. Rg4 Rf7 63. Rgxe4 f2 64. Rf4 0-1

[Event "Florianopolis op 9th"]
[Site "Florianopolis"]
[Date "2023.01.25"]
[Round "4"]
[White "Delgado Ramirez, Neuris"]
[Black "Gauche, Charles"]
[Result "1-0"]
[WhiteElo "2562"]
[BlackElo "2211"]
[PlyCount "59"]
[EventDate "2023.01.23"]
[EventType "swiss"]
[EventRounds "10"]
[EventCountry "BRA"]
[SourceTitle "EXT 2024"]
[Source "ChessBase"]
[SourceDate "2023.10.10"]
[SourceVersion "1"]
[SourceVersionDate "2023.10.10"]
[SourceQuality "1"]

1. e4 e5 2. Nf3 Nc6 3. Bb5 Nf6 4. 0-0 Nxe4 5. d4 Nd6 6. dxe5 Nxb5 7. a4 d6 8. e6 Bxe6 9. axb5 Ne5 10. Nd4 Bg4 11. f3 Bd7 12. f4 Ng6 13. Qf3 Bc8 14. Nc3 Be7 15. f5 Ne5 16. Qg3 Bf6 17. Nd5 h6 18. b6 cxb6 19. Nb5 Kf8 20. Nbc7 Rb8 21. Nxf6 Qxc7 22. Ne8 Kxe8 23. Qxg7 Qc5+ 24. Kh1 Rf8 25. Bxh6 Nd7 26. Rad1 Kd8 27. Bf4 d5 28. Qg3 Ra8 29. Bd6 Qc6 30. Rfe1 1-0

[Event "Florianopolis op 9th"]
[Site "Florianopolis"]
[Date "2023.01.23"]
[Round "1"]
[White "Gauche, Charles"]
[Black "Elesbao, Bernardo Dartora"]
[Result "1-0"]
[WhiteElo "2211"]
[BlackElo "1604"]
[PlyCount "73"]
[EventDate "2023.01.23"]
[EventType "swiss"]
[EventRounds "10"]
[EventCountry "BRA"]
[SourceTitle "CBM 212 Extra"]
[Source "ChessBase"]
[SourceDate "2023.03.31"]
[SourceVersion "1"]
[SourceVersionDate "2023.03.31"]
[SourceQuality "1"]

1. d4 Nf6 2. c4 g6 3. Nc3 Bg7 4. e4 d6 5. Be2 0-0 6. Bg5 Nbd7 7. Qd2 e5 8. d5 a5 9. h4 h5 10. f3 Qe8 11. Nh3 Nh7 12. Bh6 Qe7 13. Bxg7 Kxg7 14. Nf2 Nhf6 15. 0-0-0 a4 16. g4 Nc5 17. Kb1 Ra6 18. Rdg1 Rh8 19. g5 Nfd7 20. Ncd1 c6 21. Ne3 Nb6 22. Rd1 Rd8 23. Rhg1 Qc7 24. Nh1 Qb8 25. Ng3 Nb3 26. Qc3 Nd4 27. Rxd4 exd4 28. Qxd4+ Kh7 29. f4 Nd7 30. Bxh5 c5 31. Qc3 gxh5 32. Nxh5 Rg8 33. Ng4 Ne5 34. Ngf6+ Kh8 35. Nxg8 Kxg8 36. fxe5 dxe5 37. Nf6+ 1-0

[Event "BRA-ch 88th"]
[Site "Recife"]
[Date "2022.12.21"]
[Round "9"]
[White "Do Nascimento, Davi Alves"]
[Black "Gauche, Charles"]
[Result "0-1"]
[WhiteElo "1968"]
[BlackElo "2221"]
[PlyCount "45"]
[EventDate "2022.12.15"]
[EventType "swiss"]
[EventRounds "11"]
[EventCountry "BRA"]
[SourceTitle "CBM 212 Extra"]
[Source "ChessBase"]
[SourceDate "2023.03.31"]
[SourceVersion "1"]
[SourceVersionDate "2023.03.31"]
[SourceQuality "1"]

1. d4 Nf6 2. c4 g6 3. Nf3 Bg7 4. Nc3 0-0 5. Bg5 c5 6. d5 h6 7. Bh4 d6 8. e3 Na6 9. Be2 Nc7 10. 0-0 a6 11. a4 Rb8 12. a5 b5 13. axb6 Rxb6 14. Ra2 Bd7 15. Nd2 Qb8 16. b3 Re8 17. Qc2 e6 18. dxe6 Bxe6 19. e4 Bd7 20. Bd3 g5 21. Bg3 Ne6 22. Na4 Nd4 23. Qd1 0-1

[Event "BRA-ch 88th"]
[Site "Recife"]
[Date "2022.12.19"]
[Round "6"]
[White "Gauche, Charles"]
[Black "Rocha, Vitor Firmo de Souz"]
[Result "1-0"]
[WhiteElo "2221"]
[BlackElo "2192"]
[PlyCount "105"]
[EventDate "2022.12.15"]
[EventType "swiss"]
[EventRounds "11"]
[EventCountry "BRA"]
[SourceTitle "CBM 212 Extra"]
[Source "ChessBase"]
[SourceDate "2023.03.31"]
[SourceVersion "1"]
[SourceVersionDate "2023.03.31"]
[SourceQuality "1"]

1. Nf3 Nf6 2. b3 g6 3. Bb2 Bg7 4. g3 0-0 5. Bg2 c5 6. c4 Nc6 7. 0-0 d6 8. d4 cxd4 9. Nxd4 Bd7 10. Nc3 Rb8 11. Qd2 a6 12. Rad1 Re8 13. Rfe1 Nxd4 14. Qxd4 Ng4 15. Qd2 Qa5 16. h3 Nf6 17. e4 Qh5 18. Ne2 b5 19. Nf4 Qh6 20. e5 Nh5 21. Nxh5 Qxd2 22. Rxd2 gxh5 23. c5 Bf5 24. cxd6 exd6 25. Rxd6 Re6 26. Red1 a5 27. Rd8+ Re8 28. Rxe8+ Rxe8 29. Rd5 Rb8 30. Bf1 Bb1 31. Rxb5 Rxb5 32. Bxb5 Bxa2 33. Ba4 Bf8 34. Bc3 Bb4 35. Bxb4 axb4 36. Kg2 Kf8 37. Kf3 Ke7 38. Ke3 Ke6 39. Kd4 Bb1 40. h4 Bc2 41. f4 f6 42. exf6 Kxf6 43. Kc4 Kf5 44. Bd7+ Ke4 45. Kxb4 Kf3 46. f5 Kxg3 47. f6 Bg6 48. Be6 Kxh4 49. f7 Bxf7 50. Bxf7 Kg4 51. Kc5 h4 52. b4 h3 53. b5 1-0

[Event "BRA-ch 88th"]
[Site "Recife"]
[Date "2022.12.15"]
[Round "1"]
[White "Gauche, Charles"]
[Black "Silveira, Leonardo De Lima"]
[Result "1-0"]
[WhiteElo "2221"]
[BlackElo "1753"]
[PlyCount "97"]
[EventDate "2022.12.15"]
[EventType "swiss"]
[EventRounds "11"]
[EventCountry "BRA"]
[SourceTitle "CBM 212 Extra"]
[Source "ChessBase"]
[SourceDate "2023.03.31"]
[SourceVersion "1"]
[SourceVersionDate "2023.03.31"]
[SourceQuality "1"]

1. e4 e5 2. Nf3 Nf6 3. Nc3 Nc6 4. d4 Bb4 5. dxe5 Nxe4 6. Qd3 d5 7. exd6 Nxd6 8. Bg5 f6 9. Bf4 Bf5 10. Qe3+ Qe7 11. 0-0-0 Qxe3+ 12. Bxe3 Bxc3 13. bxc3 0-0 14. Nd4 Nxd4 15. cxd4 Rfe8 16. h3 c6 17. Bf4 Nb5 18. Kb2 Rad8 19. c3 Nd6 20. f3 Bg6 21. g4 Bf7 22. Bd3 Nc4+ 23. Kc1 c5 24. Be4 cxd4 25. Rxd4 Rxd4 26. cxd4 b5 27. Rd1 g5 28. Bg3 Rc8 29. Bb7 Rd8 30. Be4 Rc8 31. Kb1 Ne3 32. Re1 Nc4 33. Ka1 Nd2 34. Bf5 Rc3 35. Rd1 Rxf3 36. Rxd2 Rxg3 37. d5 Kf8 38. d6 Ke8 39. Re2+ Kd8 40. Re7 Rg1+ 41. Kb2 Rg2+ 42. Kc3 Bg6 43. Be6 Rc2+ 44. Kd4 Rd2+ 45. Kc5 Rc2+ 46. Kxb5 Be8+ 47. Kb4 Rc6 48. Rxa7 Rxd6 49. Bc4 1-0

[Event "Rio de Janeiro Duchamp op 4th"]
[Site "Rio de Janeiro"]
[Date "2022.12.14"]
[Round "9"]
[White "Gauche, Charles"]
[Black "Brizzi, Milagros Tatiana"]
[Result "0-1"]
[WhiteElo "2221"]
[BlackElo "2028"]
[PlyCount "68"]
[EventDate "2022.12.07"]
[EventType "swiss"]
[EventRounds "9"]
[EventCountry "BRA"]
[SourceTitle "EXT 2024"]
[Source "ChessBase"]
[SourceDate "2023.10.10"]
[SourceVersion "1"]
[SourceVersionDate "2023.10.10"]
[SourceQuality "1"]

1. e4 c6 2. d4 d5 3. e5 Bf5 4. Nc3 e6 5. g4 Bg6 6. Nge2 c5 7. h4 h5 8. Nf4 Bh7 9. Nxh5 Nc6 10. Bb5 Nge7 11. Bg5 Qc7 12. Qd2 a6 13. 0-0 Bg6 14. Ng3 cxd4 15. Qxd4 axb5 16. Nxb5 0-0-0 17. Qa4 Qa5 18. Qxa5 Nxa5 19. h5 Bh7 20. Nd6+ Rxd6 21. exd6 Nec6 22. Be7 Kd7 23. Bxf8 Rxf8 24. c3 Ne5 25. f3 Nac4 26. Rf2 Nd3 27. Rh2 Ndxb2 28. h6 gxh6 29. Rxh6 Bd3 30. Nh5 Nxd6 31. Nf4 Bc4 32. Kh2 Nd3 33. Nh5 Ne5 34. Kg3 Bd3 0-1

[Event "Cuiaba Contaud op"]
[Site "Cuiaba"]
[Date "2022.10.29"]
[Round "8"]
[White "Gauche, Charles"]
[Black "Fier, Alexandr"]
[Result "0-1"]
[WhiteElo "2177"]
[BlackElo "2592"]
[PlyCount "110"]
[EventDate "2022.10.25"]
[EventType "swiss"]
[EventRounds "9"]
[EventCountry "BRA"]
[SourceTitle "EXT 2024"]
[Source "ChessBase"]
[SourceDate "2023.10.10"]
[SourceVersion "1"]
[SourceVersionDate "2023.10.10"]
[SourceQuality "1"]

1. Nf3 Nf6 2. b3 g6 3. Bb2 Bg7 4. e4 d6 5. d3 0-0 6. g3 e5 7. Bg2 c5 8. 0-0 Nc6 9. Nfd2 Bg4 10. f3 Be6 11. Nc4 Nd4 12. c3 Nc6 13. Qe1 d5 14. exd5 Qxd5 15. Nba3 Qd7 16. Nxe5 Nxe5 17. Qxe5 Qxd3 18. Rad1 Qf5 19. c4 Rad8 20. Qxf5 Bxf5 21. g4 Bd7 22. Be5 Bc6 23. Bd6 Rfe8 24. Bxc5 Rxd1 25. Rxd1 h5 26. h3 Nd7 27. Bb4 Ne5 28. Kf2 Bf6 29. Kg3 h4+ 30. Kf2 Bg5 31. Nb5 Bxb5 32. cxb5 Rc8 33. Be1 Bf4 34. Kf1 g5 35. Bf2 b6 36. a4 Rc3 37. b4 Be3 38. Rd5 Nc4 39. Rd8+ Kg7 40. Bxe3 Nxe3+ 41. Kf2 Nc4 42. Rc8 Rc2+ 43. Kg1 Ne3 44. Rxc2 Nxc2 45. Kf2 Kf6 46. f4 gxf4 47. Bd5 Nd4 48. Bc4 Kg5 49. a5 Kf6 50. a6 Ne6 51. Kf3 Ke5 52. Bxe6 fxe6 53. g5 Kf5 54. g6 Kxg6 55. Kxf4 Kf6 0-1

[Event "Cuiaba Contaud op"]
[Site "Cuiaba"]
[Date "2022.10.26"]
[Round "2"]
[White "Franca, Jairo Jr"]
[Black "Gauche, Charles"]
[Result "0-1"]
[WhiteElo "1756"]
[BlackElo "2177"]
[PlyCount "88"]
[EventDate "2022.10.25"]
[EventType "swiss"]
[EventRounds "9"]
[EventCountry "BRA"]
[SourceTitle "EXT 2024"]
[Source "ChessBase"]
[SourceDate "2023.10.10"]
[SourceVersion "1"]
[SourceVersionDate "2023.10.10"]
[SourceQuality "1"]

1. e4 e5 2. Nf3 Nc6 3. Bb5 a6 4. Ba4 Nf6 5. 0-0 d6 6. c3 b5 7. Bb3 Bg4 8. d3 Be7 9. h3 Bh5 10. a4 0-0 11. Na3 Rb8 12. axb5 axb5 13. Nc2 b4 14. Ba4 bxc3 15. bxc3 Rb6 16. Be3 Ra6 17. Qe2 d5 18. Bg5 Nb8 19. Rfb1 h6 20. Bh4 Rd6 21. g4 dxe4 22. dxe4 Bg6 23. Nxe5 Bh7 24. Nd4 Nd5 25. Rxb8 Qxb8 26. Nec6 Bxh4 27. Nxb8 Nxc3 28. Qe3 Nxe4 29. Ra2 Rxb8 30. Nf5 Bxf5 31. gxf5 Ng5 32. Bb3 Rbd8 33. Bc4 Rd4 34. Be2 Re4 35. Qb3 Rf4 36. Bg4 h5 37. Bxh5 Rxf5 38. Bg4 Rf4 39. Kg2 Ne4 40. Bf3 Nd2 41. Rxd2 Rxd2 42. Qb8+ Kh7 43. Qb1+ g6 44. Bd1 Rfxf2+ 0-1

[Event "Cuiaba Contaud op"]
[Site "Cuiaba"]
[Date "2022.10.25"]
[Round "1"]
[White "Gauche, Charles"]
[Black "Romais, Rodrigo"]
[Result "1-0"]
[WhiteElo "2177"]
[BlackElo "1545"]
[PlyCount "57"]
[EventDate "2022.10.25"]
[EventType "swiss"]
[EventRounds "9"]
[EventCountry "BRA"]
[SourceTitle "EXT 2024"]
[Source "ChessBase"]
[SourceDate "2023.10.10"]
[SourceVersion "1"]
[SourceVersionDate "2023.10.10"]
[SourceQuality "1"]

1. d4 Nf6 2. c4 g6 3. Nc3 Bg7 4. e4 d6 5. Be2 0-0 6. Bg5 c5 7. d5 Nbd7 8. Qd2 a6 9. h4 h5 10. f3 Ne5 11. g4 Nfxg4 12. fxg4 Nxg4 13. Nh3 Bd4 14. 0-0-0 Bd7 15. Bxg4 Bxg4 16. Ne2 Bh8 17. Nf2 Bd7 18. Rdg1 b5 19. Bh6 bxc4 20. Bxf8 Kxf8 21. Nd1 Ba4 22. Nec3 Qa5 23. Nxa4 Qxa4 24. Nc3 Qb4 25. Rg2 Rb8 26. Rf1 Bf6 27. e5 dxe5 28. d6 exd6 29. Rxf6 1-0

[Event "Concordia op 6th"]
[Site "Concordia"]
[Date "2022.10.15"]
[Round "8"]
[White "Gauche, Charles"]
[Black "Becker, Rogerio Sperb"]
[Result "1-0"]
[WhiteElo "2177"]
[BlackElo "2081"]
[PlyCount "45"]
[EventDate "2022.10.12"]
[EventType "swiss"]
[EventRounds "9"]
[EventCountry "BRA"]
[SourceTitle "CBM 210 Extra"]
[Source "ChessBase"]
[SourceDate "2022.11.30"]
[SourceVersion "1"]
[SourceVersionDate "2022.11.30"]
[SourceQuality "1"]

1. d4 Nf6 2. c4 e6 3. Nf3 b6 4. g3 Bb7 5. Bg2 Be7 6. 0-0 0-0 7. d5 exd5 8. Nd4 c6 9. cxd5 Nxd5 10. e4 Nc7 11. Nc3 d5 12. exd5 Nxd5 13. Nxd5 cxd5 14. Nf5 Na6 15. Qg4 Bf6 16. Rd1 Nc5 17. Bh6 Ne6 18. Re1 Qd7 19. Rad1 Rfd8 20. Bh3 g6 21. Bc1 d4 22. Nh6+ Kg7 23. Nxf7 1-0

[Event "Concordia op 6th"]
[Site "Concordia"]
[Date "2022.10.14"]
[Round "5"]
[White "Gauche, Charles"]
[Black "Lunelli, Neuri Antonio"]
[Result "1-0"]
[WhiteElo "2177"]
[BlackElo "1794"]
[PlyCount "65"]
[EventDate "2022.10.12"]
[EventType "swiss"]
[EventRounds "9"]
[EventCountry "BRA"]
[SourceTitle "CBM 210 Extra"]
[Source "ChessBase"]
[SourceDate "2022.11.30"]
[SourceVersion "1"]
[SourceVersionDate "2022.11.30"]
[SourceQuality "1"]

1. e4 c6 2. d4 d5 3. e5 Bf5 4. Nc3 Qb6 5. g4 Bd7 6. f4 e6 7. Nge2 c5 8. Be3 Nc6 9. Qd2 cxd4 10. Nxd4 Nxd4 11. Bxd4 Bc5 12. Bxc5 Qxc5 13. 0-0-0 Ne7 14. Bd3 b5 15. f5 Bc6 16. Rhf1 a5 17. fxe6 fxe6 18. Ne2 b4 19. Nd4 Bd7 20. Qg5 a4 21. Rf3 0-0-0 22. Rf7 Nc6 23. Nxc6 Qxc6 24. Qe3 Kb8 25. Rxg7 b3 26. Kb1 bxa2+ 27. Kxa2 Rc8 28. Qd4 Rc7 29. Rf1 Rhc8 30. Qb4+ Ka8 31. Qa5+ Kb7 32. Rff7 Be8 33. Ba6+ 1-0